00000000nam 2200000zi 4500
0019.947280
003CaOODSP
00520250303105517
006m     o  d f      
007cr cn|||||||||
008250122t20252025onc     ob   f000 0 fre d
020 |a9780660753829
040 |aCaOODSP|bfre|erda|cCaOODSP
043 |an-cn---
0861 |aH164-273/2025F-PDF
24500|aLigne directrice : |bexigences réglementaires associées à une identification numérique attribuée à une drogue (DIN).
24617|aExigences réglementaires associées à une identification numérique attribuée à une drogue (DIN)
250 |a[Édition de 2025/02/18].
264 1|aOttawa, Ontario : |bSanté Canada = Health Canada, |c2025.
264 4|c©2025
300 |a1 ressource en ligne (27 pages)
336 |atexte|btxt|2rdacontent/fre
337 |ainformatique|bc|2rdamedia/fre
338 |aressource en ligne|bcr|2rdacarrier/fre
500 |aTitre de la couverture.
500 |a« Date de publication : février 2025. »
500 |a« Date d'adoption : 2019/05/03 ; Date d'entrée en vigueur : 2019/05/03 ; Date des changement de nature administrative : 2025/02/18. »
500 |aPublié aussi en anglais sous le titre : Guidance document : regulatory requirements for drug identification numbers (DINs).
504 |aComprend des références bibliographiques.
650 6|aMédicaments|xÉtiquetage|zCanada.
7101 |aCanada. |bSanté Canada, |eorganisme de publication.
77508|tGuidance document : |w(CaOODSP)9.947279
795 |tLigne directrice : |b[Édition de 2024/07/15]|w(CaOODSP)9.939767
85640|qPDF|s936 Ko|uhttps://publications.gc.ca/collections/collection_2025/sc-hc/H164-273-2025-fra.pdf
986 |a240808